Normal view MARC view
  • Muhammad Zubair Afzal

Entry Personal Name

Number of records used in: 3

001 - CONTROL NUMBER

  • control field: 6856

003 - CONTROL NUMBER IDENTIFIER

  • control field: NUST

005 - DATE AND TIME OF LATEST TRANSACTION

  • control field: 20171203144207.0

008 - FIXED-LENGTH DATA ELEMENTS

  • fixed length control field: 171203|| aca||aabn | a|a d

040 ## - CATALOGING SOURCE

  • Original cataloging agency: NUST
  • Transcribing agency: NUST

100 ## - HEADING--PERSONAL NAME

  • Personal name: Muhammad Zubair Afzal

670 ## - SOURCE DATA FOUND

  • Source citation: Work cat.: (NUST): Muhammad Zubair Afzal, Automated system for detection of diabetic retinopathy and age related macular degeneration in retinal images, 2017
© 2023 Central Library, National University of Sciences and Technology. All Rights Reserved.